LEADER 01163nam a2200265 4500 001 000000352657 003 CaOOAMICUS 005 20230112121410.0 008 230112s1969 fr 000 u fre r 040 $aSeMil$bita 100 1 $aCottier, Georges,$c.$0(OLS)http://semarc/name/4663 245 12$aL'athéisme du jeune Marx :$bses origines hégéliennes /$cpar Georges M.-M. Cottier. 250 $a2. ed 264 1$aParis :$bLibrairie Philosophique J. Vrin,$c1969. 300 $a384 p. ;$c25 cm 490 1 $aProblèmes et controverses 650 4$aMarx, Karl <1818-1883> - Ateismo.$0(OLS)http://semarc/subject/10098 830 0$aProblèmes et controverses.$0(OLS)http://semarc/title/23503 850 $aSeMil 852 $aSeMil$W1$xVenegono$y1$m2P VI 617$j237488$B243880$CSeMilBibl$Z2$F243880 $81 961 $aVitali Nicolò - lascito 961 $aVolume con sottolineature e/o annotazioni 996 $6245$aL'athéisme du jeune Marx :$bses origines hégéliennes$9(OLS)http://semarc/title/442543 996 $6264$aParis :$bLibrairie Philosophique J. Vrin$9(OLS)http://semarc/publisher/30022 LEADER 01247nam a2200301 i 4500 001 000000122477 003 CaOOAMICUS 005 20040204000000.0 008 040204s1980 it u000 u ita u 013 $a95172 040 $aSeMil$bita 100 1 $aHenry, Françoise.$0(OLS)http://semarc/name/50929 245 12$aL'Irlanda /$c[testo di Françoise Henry ; fotografie di Zodiaque]. 260 $aMilano :$bJaca Book,$c1980. 300 $a324, 112, VIII p. (numerazione non consecutiva) :$briccamente ill. ;$c23 cm. 490 0 $aGià e non ancora. Arte ;$v7 490 0 $aEuropa romanica ;$vVolume4 500 $aFondo Card. C.M. Martini. 650 4$aArte - Storia - Irlanda - Sec. 11.-12.$0(OLS)http://semarc/subject/23228 710 0 $aZodiaque.$0(OLS)http://semarc/name/5300 830 0$aGià e non ancora. Arte ;$v7.$0(OLS)http://semarc/title/14448 830 0$aEuropa romanica ;$vVolume4.$0(OLS)http://semarc/title/14449 850 $aSeMil 852 $aSeMil$W1$xVenegono$y1$m5I VI 25$j77444$B77444$CSeMilBibl$Z2$F79370 $81 941 1 $a4 961 $aOmaggio: Martini Card. Carlo Maria 996 $6245$aL'Irlanda$9(OLS)http://semarc/title/180416 996 $6260$aMilano :$bJaca Book$9(OLS)http://semarc/publisher/29781